| 000 | 02042cam a22003975i 4500 | ||
|---|---|---|---|
| 999 |
_c28037 _d28008 |
||
| 001 | 18648519 | ||
| 003 | EG-ScBUE | ||
| 005 | 20200211144607.0 | ||
| 008 | 150608t20142014stka f b 001 0 eng d | ||
| 020 | _a9781474400428 | ||
| 020 | _a1474400426 | ||
| 035 | _a(OCoLC)ocn899734012 | ||
| 040 |
_aEUX _beng _erda _cEUX _dOCLCO _dCDX _dYDXCP _dBDX _dBTCTA _dZCU _dVVC _dUKMGB _dDGU _dDLC _dEG-ScBUE |
||
| 082 | 0 | 4 |
_a791.43655 _bCHA _222 |
| 100 | 1 |
_aChaudhuri, Shohini, _eauthor. |
|
| 245 | 1 | 0 |
_aCinema of the dark side : _batrocity and the ethics of film spectatorship / _cShohini Chaudhuri. |
| 264 | 1 |
_aEdinburgh : _bEdinburgh University Press, _c[2014] |
|
| 264 | 4 | _cc2014 | |
| 300 |
_av, 202 pages : _billustrations ; _c24 cm |
||
| 336 |
_atext _btxt _2rdacontent |
||
| 337 |
_aunmediated _bn _2rdamedia |
||
| 338 |
_avolume _bnc _2rdacarrier |
||
| 504 | _aIncludes bibliographical references and index. | ||
| 505 | 0 | _aDocumenting the dark side : fictional and documentary treatments of torture and the 'war on terror' -- History lessons : what audiences (could) learn about genocide from historical drama -- The art of disappearance : remembering political violence in Argentina and Chile -- Uninvited visitors : immigration, detention and deportation in science fiction -- Architectures of enmity : the Israeli-Palestinian conflict through a cinematic lens. | |
| 650 | 0 | _aHuman rights in motion pictures. | |
| 650 | 7 |
_aViolence in motion pictures. _2BUEsh |
|
| 650 | 7 |
_aPolitical violence in motion pictures. _2BUEsh |
|
| 650 | 7 |
_aMotion pictures _xMoral and ethical aspects. _2BUEsh |
|
| 650 | 7 |
_aMotion picture audiences. _2BUEsh |
|
| 653 |
_bCOMAME _cFebruary2020 |
||
| 856 | 4 | 2 |
_3Contributor biographical information _uhttp://www.loc.gov/catdir/enhancements/fy1603/2015376267-b.html |
| 856 | 4 | 2 |
_3Publisher description _uhttp://www.loc.gov/catdir/enhancements/fy1603/2015376267-d.html |
| 856 | 4 | 1 |
_3Table of contents only _uhttp://www.loc.gov/catdir/enhancements/fy1603/2015376267-t.html |
| 942 |
_2ddc _cBB |
||